000 00686nam a2200217 i 4500
001 C2-0104796
003 PPAK
005 20180727101224.0
008 970608s1980 io a|||| ||||| | may d
040 _aPPAK
_beng
_cPPAK
_erda
082 0 4 _a297.07
_223
090 0 0 _a297.07
_bEKA
_dKIH
245 0 0 _aEka dasawarsa IAIN Sulthan Syarif Qasim Pekanbaru dalam rangka dies natalis ke X
264 1 _aPekanbaru :
_bInstitut Agama Islam Negeri ,
_c1980
300 _avii, 345 pages :
_billustrations ;
_c21 cm
336 _2rdacontent
_atext
337 _2rdamedia
_aunmediated
338 _2rdacarrier
_avolume
650 1 0 _aIslamic universities and colleges - Indonesia
942 _ddc
_cB
999 _c25130
_d25130